Society : the basics /
Sociology. Culture. Socialization. Social interaction in everyday life. Groups and organizations. Deviance. Social stratification. Global stratification...
Kaydedildi:
| Yazar: | |
|---|---|
| Materyal Türü: | Kitap |
| Dil: | English |
| Baskı/Yayın Bilgisi: |
Upper Saddle River, N.J. :
Prentice Hall,
2000.
|
| Edisyon: | 5th ed. |
| Konular: | |
| Etiketler: |
Etiketle
Etiket eklenmemiş, İlk siz ekleyin!
|
| Thư viện lưu trữ: | Mạng thư viện Đại học Đà Nẵng |
|---|
| LEADER | 00974cam a2200337 i 4500 | ||
|---|---|---|---|
| 001 | 000048020 | ||
| 003 | 7718 | ||
| 005 | 20030313085625.0 | ||
| 008 | 010323|2000 vm 000 eng | ||
| 020 | |a 0130207489 | ||
| 040 | |a IRC |c IRC |d IRC | ||
| 041 | 0 | |a eng | |
| 082 | 1 | 4 | |a 301 |b MA-J |
| 100 | 1 | |a Macionis, John J. | |
| 245 | 0 | 0 | |a Society : |b the basics / |c John J. Macionis. |
| 250 | |a 5th ed. | ||
| 260 | |a Upper Saddle River, N.J. : |b Prentice Hall, |c 2000. | ||
| 300 | |a 499 p. : |b col. ill. ; |c 27cm. | ||
| 520 | 3 | |a Sociology. Culture. Socialization. Social interaction in everyday life. Groups and organizations. Deviance. Social stratification. Global stratification... | |
| 630 | 0 | 4 | |a Sociology. |
| 650 | 0 | 4 | |a Sociology. |
| OWN | |a DUT | ||
| 999 | |a From the UDN01 | ||
| TYP | |a Monograph | ||
| TYP | |a Printed language | ||
| 980 | |a Mạng thư viện Đại học Đà Nẵng | ||


